Australian cities multiple choice: Albury - Statistics

General Stats
  • This quiz has been taken 22 times
  • The average score is 9 of 15
Answer Stats
Question Answer % Correct
Albury is in which state? New South Wales
100%
What is Albury's twin city (across the river)? Wodonga
100%
Which river? Murray
88%
Albury is in the traditional land of which Indigenous people? Wiradjuri
88%
Which university is in the suburb of Thurgoona? Charles Sturt
75%
Where is Digby the dinosaur? Albury Children's Garden
63%
Which annual event held from 1951 to 1972 involved a queen, a parade and fund-raising? Albury Floral Festival
63%
Which highway runs roughly east-west, passing through the town at Hume and Young streets? Riverina Highway
63%
What are Glemorus Memorial Gardens? A cemetery
50%
Why did Albury Railway Station have two clocks before 1895? It was on the border of two colonies that were in different time zones
50%
There's a very tall monument on Monument Hill. What does it commemorate? Local people who served in the First World War
50%
The major public art gallery in Albury is known by what acronym? MAMA
50%
What is the Wagirra Trail? A linear sculpture park
38%
What is the oldest school in Albury? The Scots School
38%
What was founded in Albury in 1944? Liberal Party of Australia
0%
No matching quizzes found
Score Distribution
Percent of People with Each Score
Percentile by Number Answered
Your Score History
You have not taken this quiz